| 000 | 00764nam a2200205 i 4500 | ||
|---|---|---|---|
| 001 | 180533 | ||
| 003 | ES-MaACL | ||
| 005 | 20250815112605.0 | ||
| 008 | 120612s1974 sp |||| | spa d | ||
| 080 | _a577.1(043.2) | ||
| 100 | 1 |
_aChabas Bergon, Amparo. _9150483 |
|
| 245 | 1 | 0 |
_aAceptores electrónicos citoplasmáticos de la xantindeshidrogenasa / _cpor Amparo Chabas Bergon. |
| 260 |
_aBarcelona : _bUniversidad de Barcelona, Secretariado de Publicaciones, Intercambio Científico y Extensión Universitaria, _c1974. |
||
| 300 |
_a13 p. ; _c24 cm. |
||
| 502 | _aTesis-Universidad Barcelona (extracto) | ||
| 650 | 7 |
_aBioquímica _2embne _9136796 |
|
| 710 | 2 |
_aUniversidad de Barcelona. _97141 |
|
| 852 |
_aES-MaACL _jE-15362(116) |
||
| 999 |
_c180533 _d180533 |
||